Cd̤igo Penal. Parte Especial. Tomo II. Volumen II

Detalles Bibliográficos
Autor principal: Amadeo Gadea, Sergio
Formato: eBook
Lenguaje:español
Publicado: Madrid : Factum Libri Ediciones, 2010
Materias:
Acceso en línea:http://www.vlex.com/source/6654

MARC

LEADER 00000nam a22000007a 4500
005 20130118135244.0
007 cr|||| ||||
008 130118e2010 sp |||||s|||| 00||0 spa d
020 |a 8461466055 
035 |a 6654 
040 |a vLex 
090 |c 3551  |d 3551 
100 1 0 |a Amadeo Gadea, Sergio 
245 1 0 |a Cd̤igo Penal. Parte Especial. Tomo II. Volumen II  |h [Recurso electrn̤ico] 
256 |a Servicio en ln̕ea 
260 |a Madrid :   |b Factum Libri Ediciones,   |c 2010 
300 |a 1 Recurso electrn̤ico 
650 0 4 |a Derecho penal  |z Espaą 
740 |a vLex Libros (servicio en ln̕ea) 
856 |a Acceso restringido  |u http://www.vlex.com/source/6654 
942 |c BOOK 
999 |a Criminal law